[Event "13th Khazar International Open Chess Tournament - "]
[Site "Rasht, Iran"]
[Date "2015.02.16"]
[Round "8"]
[Board "6"]
[White "Starostits, Ilmars"]
[Black "Asgari, Morteza"]
[Result "1-0"]
[WhiteElo "2454"]
[BlackElo "2193"]
[PlyCount "0"]
[EventDate "2015.02.11"]
[EventRounds "9"]
[EventCountry "IRI"]

1. d4 {[%clk 1:30:54]} Nf6 {[%clk 1:30:17]} 2. c4 {[%clk 1:31:09]} g6
{[%clk 1:30:15]} 3. Nc3 {[%clk 1:31:35]} d5 {[%clk 1:30:22]} 4. cxd5
{[%clk 1:31:57]} Nxd5 {[%clk 1:30:46]} 5. Bd2 {[%clk 1:32:22]} Nb6
{[%clk 1:30:39]} 6. Nf3 {[%clk 1:32:31]} Bg7 {[%clk 1:30:34]} 7. e4
{[%clk 1:31:10]} Bg4 {[%clk 1:26:23]} 8. Be3 {[%clk 1:30:59]} Nc6
{[%clk 1:23:09]} 9. d5 {[%clk 1:28:57]} Ne5 {[%clk 1:13:52]} 10. Be2
{[%clk 1:21:16]} Bxf3 {[%clk 1:12:44]} 11. gxf3 {[%clk 1:21:41]} c6
{[%clk 1:02:44]} 12. Qb3 {[%clk 1:04:37]} O-O {[%clk 0:59:27]} 13. f4
{[%clk 1:02:21]} Ned7 {[%clk 0:58:22]} 14. dxc6 {[%clk 1:01:47]} bxc6
{[%clk 0:58:48]} 15. Rd1 {[%clk 1:01:25]} e5 {[%clk 0:55:51]} 16. f5
{[%clk 0:56:46]} Qh4 {[%clk 0:50:22]} 17. fxg6 {[%clk 0:55:10]} hxg6
{[%clk 0:50:32]} 18. Rd6 {[%clk 0:55:32]} Kh7 {[%clk 0:45:40]} 19. Rxc6
{[%clk 0:55:33]} Bh6 {[%clk 0:45:43]} 20. Bxh6 {[%clk 0:51:59]} Qxh6
{[%clk 0:45:17]} 21. h4 {[%clk 0:48:02]} Kg7 {[%clk 0:43:17]} 22. h5
{[%clk 0:44:42]} Nf6 {[%clk 0:41:27]} 23. Bf3 {[%clk 0:38:09]} Qc1+
{[%clk 0:26:28]} 24. Ke2 {[%clk 0:34:25]} Qf4 {[%clk 0:26:55]} 25. hxg6
{[%clk 0:32:57]} Rad8 {[%clk 0:22:36]} 26. gxf7 {[%clk 0:27:54]} Rd2+
{[%clk 0:22:39]} 27. Ke1 {[%clk 0:28:15]} Qxf3 {[%clk 0:21:06]} 28. Rg1+
{[%clk 0:28:00]} Ng4 {[%clk 0:21:24]} 29. Kxd2 {[%clk 0:25:43]} Qxf2+
{[%clk 0:20:13]} 30. Ne2 {[%clk 0:26:05]} Rd8+ {[%clk 0:20:37]} 31. Kc1
{[%clk 0:25:58]} Qxe2 {[%clk 0:20:03]} 32. Qg3 {[%clk 0:19:55]} Kxf7
{[%clk 0:19:59]} 33. Rc7+ {[%clk 0:15:01]} Ke8 {[%clk 0:19:34]} 34. Qxe5+
{[%clk 0:15:22]} 1-0

[Event "13th Khazar International Open Chess Tournament - "]
[Site "Rasht, Iran"]
[Date "2015.02.16"]
[Round "8"]
[Board "7"]
[White "Mahjoob, Morteza"]
[Black "Azadbakhsh, Farshid"]
[Result "1-0"]
[WhiteElo "2392"]
[BlackElo "2149"]
[PlyCount "0"]
[EventDate "2015.02.11"]
[EventRounds "9"]
[EventCountry "IRI"]

1. d4 {[%clk 1:23:30]} Nf6 {[%clk 1:30:47]} 2. c4 {[%clk 1:23:53]} e6
{[%clk 1:31:05]} 3. Nc3 {[%clk 1:24:15]} Bb4 {[%clk 1:31:21]} 4. Qc2
{[%clk 1:24:41]} c5 {[%clk 1:31:39]} 5. dxc5 {[%clk 1:25:05]} Qc7
{[%clk 1:31:50]} 6. Nf3 {[%clk 1:23:36]} a6 {[%clk 1:32:06]} 7. g3
{[%clk 1:23:11]} Bxc5 {[%clk 1:32:10]} 8. Bf4 {[%clk 1:23:29]} Qb6
{[%clk 1:21:42]} 9. O-O-O {[%clk 1:23:46]} Bxf2 {[%clk 1:20:59]} 10. Kb1
{[%clk 1:22:33]} O-O {[%clk 1:08:12]} 11. e4 {[%clk 1:21:00]} d5 {[%clk 0:45:41]}
12. e5 {[%clk 1:17:39]} Ne4 {[%clk 0:43:20]} 13. Nxe4 {[%clk 1:17:23]} dxe4
{[%clk 0:43:45]} 14. Ng5 {[%clk 1:17:22]} Nc6 {[%clk 0:40:06]} 15. Qxe4
{[%clk 1:01:10]} g6 {[%clk 0:40:21]} 16. h4 {[%clk 0:48:53]} Rd8 {[%clk 0:21:07]}
17. Rxd8+ {[%clk 0:39:07]} Qxd8 {[%clk 0:16:40]} 18. Qf3 {[%clk 0:33:04]} Bd4
{[%clk 0:12:07]} 1-0

[Event "13th Khazar International Open Chess Tournament - "]
[Site "Rasht, Iran"]
[Date "2015.02.16"]
[Round "8"]
[Board "8"]
[White "Khoshkalam, Seyed Mehrab"]
[Black "Pourkashiyan, Atousa"]
[Result "1-0"]
[WhiteElo "2208"]
[BlackElo "2361"]
[PlyCount "0"]
[EventDate "2015.02.11"]
[EventRounds "9"]
[EventCountry "IRI"]

1. e4 {[%clk 1:30:58]} c5 {[%clk 1:30:18]} 2. Nf3 {[%clk 1:31:22]} e6
{[%clk 1:30:43]} 3. c3 {[%clk 1:31:39]} Nf6 {[%clk 1:30:57]} 4. Bd3
{[%clk 1:31:53]} b6 {[%clk 1:28:09]} 5. O-O {[%clk 1:30:30]} Bb7 {[%clk 1:28:01]}
6. Re1 {[%clk 1:30:10]} Be7 {[%clk 1:27:40]} 7. Bc2 {[%clk 1:30:21]} d6
{[%clk 1:23:18]} 8. d4 {[%clk 1:30:06]} O-O {[%clk 1:23:14]} 9. Bg5
{[%clk 1:29:15]} Re8 {[%clk 1:19:29]} 10. Nbd2 {[%clk 1:23:05]} h6
{[%clk 1:13:38]} 11. Bf4 {[%clk 1:21:51]} Nbd7 {[%clk 1:10:15]} 12. Rc1
{[%clk 1:19:52]} Bf8 {[%clk 1:04:11]} 13. h3 {[%clk 1:15:55]} cxd4
{[%clk 1:00:04]} 14. cxd4 {[%clk 1:14:57]} e5 {[%clk 1:00:12]} 15. Bg3
{[%clk 1:11:49]} Rc8 {[%clk 0:55:08]} 16. d5 {[%clk 1:02:25]} g6 {[%clk 0:50:54]}
17. Ba4 {[%clk 1:00:02]} a6 {[%clk 0:49:08]} 18. Bxd7 {[%clk 0:59:06]} Nxd7
{[%clk 0:47:34]} 19. b4 {[%clk 0:56:43]} Be7 {[%clk 0:41:18]} 20. Rxc8
{[%clk 0:50:32]} Qxc8 {[%clk 0:41:00]} 21. Qb1 {[%clk 0:50:38]} Qb8
{[%clk 0:38:24]} 22. Rc1 {[%clk 0:48:14]} Rc8 {[%clk 0:38:40]} 23. Rc2
{[%clk 0:43:45]} Bd8 {[%clk 0:35:04]} 24. Qc1 {[%clk 0:39:11]} b5
{[%clk 0:28:27]} 25. Nb3 {[%clk 0:38:02]} Rxc2 {[%clk 0:25:37]} 26. Qxc2
{[%clk 0:38:26]} Bb6 {[%clk 0:25:34]} 27. Ne1 {[%clk 0:37:36]} Qd8
{[%clk 0:24:10]} 28. Kh2 {[%clk 0:34:15]} Qg5 {[%clk 0:22:04]} 29. Nd3
{[%clk 0:32:31]} Qd8 {[%clk 0:18:11]} 30. Qc1 {[%clk 0:31:07]} Kh7
{[%clk 0:17:42]} 31. f4 {[%clk 0:26:32]} f6 {[%clk 0:17:00]} 32. fxe5
{[%clk 0:25:40]} fxe5 {[%clk 0:17:02]} 33. Nbc5 {[%clk 0:24:23]} Qc8
{[%clk 0:12:07]} 34. Nxd7 {[%clk 0:24:30]} Qxd7 {[%clk 0:12:25]} 35. Bf2
{[%clk 0:24:55]} Qc7 {[%clk 0:06:08]} 36. Qg1 {[%clk 0:16:55]} Qc2
{[%clk 0:03:06]} 37. Bxb6 {[%clk 0:16:40]} Qxd3 {[%clk 0:03:35]} 38. Qf2
{[%clk 0:16:52]} Bxd5 {[%clk 0:01:02]} 39. exd5 {[%clk 0:17:08]} Qxd5
{[%clk 0:01:31]} 40. Qf6 {[%clk 0:17:05]} h5 {[%clk 0:00:38]} 41. Bc7
{[%clk 0:17:13]} Qxa2 {[%clk 0:00:34]} 42. Bxd6 {[%clk 0:17:35]} e4
{[%clk 0:00:51]} 43. Qe7+ {[%clk 0:17:30]} Kg8 {[%clk 0:01:14]} 44. Qxe4
{[%clk 0:17:46]} Kf7 {[%clk 0:01:13]} 45. Qe7+ {[%clk 0:18:05]} Kg8
{[%clk 0:01:42]} 46. Qf8+ {[%clk 0:18:26]} Kh7 {[%clk 0:02:10]} 47. Be5
{[%clk 0:18:50]} Qg8 {[%clk 0:02:18]} 48. Qe7+ {[%clk 0:19:15]} Kh6
{[%clk 0:02:17]} 49. h4 {[%clk 0:19:33]} 1-0

[Event "13th Khazar International Open Chess Tournament - "]
[Site "Rasht, Iran"]
[Date "2015.02.16"]
[Round "8"]
[Board "9"]
[White "Ziatdinov, Raset"]
[Black "Zeynalli, Rashad"]
[Result "1-0"]
[WhiteElo "2345"]
[BlackElo "2121"]
[PlyCount "0"]
[EventDate "2015.02.11"]
[EventRounds "9"]
[EventCountry "IRI"]

1. e4 {[%clk 1:30:58]} e5 {[%clk 1:30:26]} 2. Nf3 {[%clk 1:31:24]} Nc6
{[%clk 1:30:54]} 3. Bb5 {[%clk 1:31:37]} a6 {[%clk 1:31:22]} 4. Ba4
{[%clk 1:32:03]} Nf6 {[%clk 1:31:49]} 5. O-O {[%clk 1:32:27]} Nxe4
{[%clk 1:32:01]} 6. d4 {[%clk 1:32:52]} b5 {[%clk 1:32:20]} 7. Bb3
{[%clk 1:33:19]} d5 {[%clk 1:32:26]} 8. dxe5 {[%clk 1:33:45]} Be6
{[%clk 1:32:47]} 9. Be3 {[%clk 1:33:56]} Be7 {[%clk 1:28:52]} 10. Nbd2
{[%clk 1:34:06]} Nc5 {[%clk 1:27:50]} 11. Bxc5 {[%clk 1:32:03]} Bxc5
{[%clk 1:27:34]} 12. c3 {[%clk 1:32:31]} O-O {[%clk 1:23:50]} 13. Bc2
{[%clk 1:32:35]} Re8 {[%clk 1:19:37]} 14. Nb3 {[%clk 1:32:41]} Bf8
{[%clk 1:19:54]} 15. Nbd4 {[%clk 1:28:44]} Nxd4 {[%clk 1:18:34]} 16. cxd4
{[%clk 1:29:01]} g6 {[%clk 1:14:53]} 17. Qd2 {[%clk 1:26:46]} c5 {[%clk 1:11:08]}
18. dxc5 {[%clk 1:25:00]} Bxc5 {[%clk 1:10:27]} 19. Qf4 {[%clk 1:19:19]} Qb6
{[%clk 1:03:22]} 20. Rad1 {[%clk 1:18:33]} d4 {[%clk 0:58:57]} 21. Ng5
{[%clk 1:16:37]} Rad8 {[%clk 0:49:42]} 22. Rd3 {[%clk 1:10:55]} Bf8
{[%clk 0:44:28]} 23. Nxe6 {[%clk 0:58:45]} Rxe6 {[%clk 0:41:01]} 24. Bb3
{[%clk 0:51:41]} Re7 {[%clk 0:41:00]} 25. Qe4 {[%clk 0:48:04]} a5
{[%clk 0:37:14]} 26. Rc1 {[%clk 0:46:34]} a4 {[%clk 0:35:31]} 27. Bd1
{[%clk 0:41:46]} f5 {[%clk 0:32:23]} 28. Qe1 {[%clk 0:36:19]} Bh6
{[%clk 0:30:48]} 29. Rc2 {[%clk 0:36:39]} Bf4 {[%clk 0:29:25]} 30. Re2
{[%clk 0:36:25]} Rde8 {[%clk 0:28:55]} 31. b3 {[%clk 0:30:01]} Rxe5
{[%clk 0:26:39]} 32. bxa4 {[%clk 0:29:35]} Rxe2 {[%clk 0:23:52]} 33. Bxe2
{[%clk 0:29:53]} bxa4 {[%clk 0:21:09]} 34. Qd1 {[%clk 0:27:15]} Bg5
{[%clk 0:18:44]} 35. Bf1 {[%clk 0:26:17]} Bf6 {[%clk 0:14:51]} 36. Qxa4
{[%clk 0:25:42]} Re7 {[%clk 0:15:19]} 37. Rb3 {[%clk 0:24:08]} Qc5
{[%clk 0:15:06]} 38. g3 {[%clk 0:20:38]} Kg7 {[%clk 0:15:29]} 39. Qa6
{[%clk 0:19:37]} Qd5 {[%clk 0:14:36]} 40. Rb6 {[%clk 0:19:25]} Re1
{[%clk 0:12:23]} 41. Rd6 {[%clk 0:10:13]} Qe4 {[%clk 0:10:25]} 42. Rd7+
{[%clk 0:09:37]} Be7 {[%clk 0:08:53]} 43. a4 {[%clk 0:07:39]} h5 {[%clk 0:08:09]}
44. Qc4 {[%clk 0:06:28]} Rd1 {[%clk 0:06:30]} 45. Qc7 {[%clk 0:04:49]} Kf6
{[%clk 0:06:22]} 46. Qb6+ {[%clk 0:05:01]} Qe6 {[%clk 0:06:08]} 47. a5
{[%clk 0:04:50]} h4 {[%clk 0:03:12]} 48. gxh4 {[%clk 0:04:26]} Kf7
{[%clk 0:03:16]} 49. Qb7 {[%clk 0:03:55]} f4 {[%clk 0:03:27]} 50. Rxe7+
{[%clk 0:04:14]} Qxe7 {[%clk 0:03:44]} 51. Qb3+ {[%clk 0:04:42]} Kf8
{[%clk 0:03:51]} 52. Qxd1 {[%clk 0:05:07]} Qxh4 {[%clk 0:04:20]} 53. a6
{[%clk 0:05:03]} Qg5+ {[%clk 0:04:29]} 54. Bg2 {[%clk 0:05:27]} Qc5
{[%clk 0:04:57]} 55. Qa1 {[%clk 0:05:28]} Qa7 {[%clk 0:05:19]} 56. Qa4
{[%clk 0:05:26]} d3 {[%clk 0:03:23]} 57. Qa3+ {[%clk 0:05:19]} 1-0

[Event "13th Khazar International Open Chess Tournament - "]
[Site "Rasht, Iran"]
[Date "2015.02.16"]
[Round "8"]
[Board "10"]
[White "Asgharzadeh, M.Reza"]
[Black "Chighladze, Iveri"]
[Result "1-0"]
[WhiteElo "2142"]
[BlackElo "2338"]
[PlyCount "0"]
[EventDate "2015.02.11"]
[EventRounds "9"]
[EventCountry "IRI"]

1. d4 {[%clk 1:20:25]} d5 {[%clk 1:30:30]} 2. c4 {[%clk 1:20:50]} e6
{[%clk 1:30:56]} 3. Nc3 {[%clk 1:21:15]} Be7 {[%clk 1:30:48]} 4. Nf3
{[%clk 1:21:24]} Nf6 {[%clk 1:31:11]} 5. Bg5 {[%clk 1:21:39]} h6 {[%clk 1:31:34]}
6. Bxf6 {[%clk 1:19:36]} Bxf6 {[%clk 1:31:56]} 7. e3 {[%clk 1:19:20]} O-O
{[%clk 1:31:49]} 8. Rc1 {[%clk 1:18:41]} c6 {[%clk 1:32:06]} 9. Bd3
{[%clk 1:16:14]} Nd7 {[%clk 1:31:18]} 10. cxd5 {[%clk 1:13:39]} exd5
{[%clk 1:28:10]} 11. b4 {[%clk 1:05:21]} a6 {[%clk 1:27:56]} 12. a4
{[%clk 1:05:13]} b5 {[%clk 1:20:19]} 13. a5 {[%clk 1:05:34]} Be7 {[%clk 1:14:56]}
14. Na2 {[%clk 1:05:42]} Bb7 {[%clk 1:15:12]} 15. O-O {[%clk 1:04:27]} Bd6
{[%clk 1:13:26]} 16. Bf5 {[%clk 0:53:09]} Re8 {[%clk 1:12:53]} 17. Ne1
{[%clk 0:50:29]} Nf6 {[%clk 1:04:49]} 18. Nd3 {[%clk 0:49:44]} g6
{[%clk 1:05:09]} 19. Bg4 {[%clk 0:45:56]} h5 {[%clk 0:56:02]} 20. Bf3
{[%clk 0:45:08]} Nd7 {[%clk 0:56:05]} 21. h3 {[%clk 0:41:45]} Qh4
{[%clk 0:51:30]} 22. Nc3 {[%clk 0:30:32]} Re6 {[%clk 0:49:31]} 23. Ne2
{[%clk 0:22:15]} Re7 {[%clk 0:37:19]} 24. Rc2 {[%clk 0:15:08]} Rae8
{[%clk 0:35:09]} 25. Qc1 {[%clk 0:14:17]} Nb8 {[%clk 0:34:51]} 26. Nef4
{[%clk 0:12:45]} Qf6 {[%clk 0:32:46]} 27. Qd2 {[%clk 0:10:56]} Qg7
{[%clk 0:30:25]} 28. h4 {[%clk 0:10:44]} Kh8 {[%clk 0:25:42]} 29. g3
{[%clk 0:10:37]} Rg8 {[%clk 0:25:09]} 30. Kg2 {[%clk 0:07:54]} Bc8
{[%clk 0:24:07]} 31. Rfc1 {[%clk 0:07:06]} Bd7 {[%clk 0:24:29]} 32. Re1
{[%clk 0:04:41]} Rge8 {[%clk 0:24:28]} 33. Rcc1 {[%clk 0:04:33]} Bf5
{[%clk 0:23:17]} 34. Rg1 {[%clk 0:04:59]} Qf6 {[%clk 0:20:56]} 35. Qd1
{[%clk 0:04:16]} Qg7 {[%clk 0:17:13]} 36. Kf1 {[%clk 0:02:39]} Qh6
{[%clk 0:17:29]} 37. g4 {[%clk 0:01:01]} hxg4 {[%clk 0:15:42]} 38. Bxg4
{[%clk 0:01:30]} Be4 {[%clk 0:16:02]} 39. Bf3 {[%clk 0:01:33]} Rg8
{[%clk 0:16:11]} 40. Bxe4 {[%clk 0:01:04]} dxe4 {[%clk 0:14:49]} 41. Ne5
{[%clk 0:01:33]} Bxe5 {[%clk 0:12:55]} 42. dxe5 {[%clk 0:02:02]} Kh7
{[%clk 0:07:00]} 43. Qd4 {[%clk 0:01:36]} Qg7 {[%clk 0:06:52]} 44. Nh5
{[%clk 0:01:14]} Qxe5 {[%clk 0:07:02]} 45. Nf6+ {[%clk 0:01:13]} Kg7
{[%clk 0:07:22]} 46. Qxe5 {[%clk 0:01:29]} Rxe5 {[%clk 0:07:50]} 47. Nxg8
{[%clk 0:01:58]} Kxg8 {[%clk 0:08:18]} 48. Rd1 {[%clk 0:01:55]} Rd5
{[%clk 0:07:15]} 49. Ke2 {[%clk 0:00:46]} Kg7 {[%clk 0:06:43]} 50. Rxd5
{[%clk 0:00:46]} cxd5 {[%clk 0:07:12]} 51. Rc1 {[%clk 0:01:13]} 1-0

[Event "13th Khazar International Open Chess Tournament - "]
[Site "Rasht, Iran"]
[Date "2015.02.17"]
[Round "9"]
[Board "2"]
[White "Mosadeghpour, Masoud"]
[Black "Mirzoev, Azer"]
[Result "0-1"]
[WhiteElo "2325"]
[BlackElo "2556"]
[PlyCount "0"]
[EventDate "2015.02.11"]
[EventRounds "9"]
[EventCountry "IRI"]

1. Nf3 {[%clk 1:30:55]} d5 {[%clk 1:27:03]} 2. g3 {[%clk 1:30:50]} Nf6
{[%clk 1:27:27]} 3. Bg2 {[%clk 1:30:41]} c6 {[%clk 1:26:59]} 4. O-O
{[%clk 1:30:40]} Bg4 {[%clk 1:27:20]} 5. c4 {[%clk 1:30:06]} e6 {[%clk 1:23:51]}
6. cxd5 {[%clk 1:29:01]} exd5 {[%clk 1:24:16]} 7. h3 {[%clk 1:27:59]} Bh5
{[%clk 1:24:16]} 8. d4 {[%clk 1:27:27]} Bd6 {[%clk 1:15:52]} 9. Qb3
{[%clk 1:27:29]} Qc7 {[%clk 1:14:44]} 10. Ne5 {[%clk 1:27:06]} O-O
{[%clk 1:14:18]} 11. Nc3 {[%clk 1:27:34]} Bg6 {[%clk 1:10:40]} 12. Bf4
{[%clk 1:20:22]} Rd8 {[%clk 1:08:00]} 13. Rac1 {[%clk 1:17:13]} Qb6
{[%clk 1:01:43]} 14. Qxb6 {[%clk 1:13:17]} axb6 {[%clk 1:02:07]} 15. g4
{[%clk 1:12:34]} b5 {[%clk 0:54:33]} 16. a3 {[%clk 1:09:33]} Na6 {[%clk 0:53:55]}
17. Bg5 {[%clk 1:02:55]} b4 {[%clk 0:50:27]} 18. axb4 {[%clk 0:55:08]} Nxb4
{[%clk 0:50:45]} 19. Nxg6 {[%clk 0:50:15]} hxg6 {[%clk 0:51:07]} 20. f3
{[%clk 0:45:39]} Be7 {[%clk 0:49:54]} 21. Rfd1 {[%clk 0:42:20]} Ra5
{[%clk 0:44:57]} 22. Bf4 {[%clk 0:29:05]} Ne8 {[%clk 0:44:24]} 23. e4
{[%clk 0:27:07]} g5 {[%clk 0:44:41]} 24. Be3 {[%clk 0:25:31]} Nc7
{[%clk 0:43:54]} 25. Bf1 {[%clk 0:20:19]} g6 {[%clk 0:43:25]} 26. Bd3
{[%clk 0:16:35]} Kg7 {[%clk 0:42:57]} 27. Bb1 {[%clk 0:16:52]} Ne6
{[%clk 0:42:13]} 28. Ne2 {[%clk 0:15:46]} Ra1 {[%clk 0:36:00]} 29. e5
{[%clk 0:12:49]} Na2 {[%clk 0:35:36]} 30. Rc2 {[%clk 0:11:33]} Nb4
{[%clk 0:33:00]} 31. Rcc1 {[%clk 0:11:54]} Na6 {[%clk 0:29:00]} 32. h4 f6 33. h5
{[%clk 0:06:42]} gxh5 {[%clk 0:25:17]} 34. exf6+ {[%clk 0:06:54]} Bxf6
{[%clk 0:25:37]} 35. Ng3 {[%clk 0:07:20]} hxg4 {[%clk 0:23:15]} 36. fxg4
{[%clk 0:07:40]} Kf8 {[%clk 0:22:16]} 37. Rf1 {[%clk 0:06:44]} Ke7
{[%clk 0:21:37]} 38. Rce1 {[%clk 0:06:43]} Rg8 {[%clk 0:17:02]} 39. Nh5
{[%clk 0:02:20]} Bh8 {[%clk 0:17:27]} 40. Bh7 {[%clk 0:02:05]} Rxe1
{[%clk 0:17:42]} 41. Rxe1 {[%clk 0:02:33]} Rf8 {[%clk 0:17:06]} 42. Bf5
{[%clk 0:02:50]} Nac7 {[%clk 0:15:41]} 43. Kg2 {[%clk 0:01:33]} Kd6
{[%clk 0:13:41]} 44. Rd1 {[%clk 0:00:36]} Nb5 {[%clk 0:13:33]} 45. Bxe6
{[%clk 0:00:37]} Kxe6 {[%clk 0:13:58]} 46. Re1 {[%clk 0:00:32]} Kd7
{[%clk 0:13:52]} 47. Bxg5 {[%clk 0:00:34]} Bxd4 {[%clk 0:14:14]} 48. Re7+
{[%clk 0:00:33]} Kc8 {[%clk 0:14:38]} 49. Nf4 {[%clk 0:00:32]} Rg8
{[%clk 0:14:03]} 50. Ne6 {[%clk 0:00:37]} Bxb2 {[%clk 0:14:25]} 51. Kf3
{[%clk 0:00:33]} Ba3 {[%clk 0:13:15]} 52. Rh7 {[%clk 0:00:31]} Rg6
{[%clk 0:12:54]} 53. Rh6 {[%clk 0:00:32]} Rxe6 {[%clk 0:12:33]} 0-1

[Event "13th Khazar International Open Chess Tournament - "]
[Site "Rasht, Iran"]
[Date "2015.02.17"]
[Round "9"]
[Board "3"]
[White "Pourramezanali, Amirreza"]
[Black "Starostits, Ilmars"]
[Result "1/2-1/2"]
[WhiteElo "2432"]
[BlackElo "2454"]
[PlyCount "0"]
[EventDate "2015.02.11"]
[EventRounds "9"]
[EventCountry "IRI"]

1. e4 {[%clk 1:30:54]} c6 {[%clk 1:30:48]} 2. d4 {[%clk 1:31:18]} d5
{[%clk 1:31:12]} 3. Nc3 {[%clk 1:31:36]} h6 {[%clk 1:30:03]} 4. f3
{[%clk 1:21:13]} e6 {[%clk 1:28:16]} 5. Be3 {[%clk 1:19:40]} Bb4 {[%clk 1:26:28]}
6. e5 {[%clk 1:15:53]} Ne7 {[%clk 1:24:36]} 7. Nge2 {[%clk 1:10:39]} Nf5
{[%clk 1:19:37]} 8. Bf2 {[%clk 0:55:24]} c5 {[%clk 1:18:26]} 9. a3
{[%clk 0:54:38]} Bxc3+ {[%clk 1:17:57]} 10. bxc3 {[%clk 0:55:03]} Nc6
{[%clk 1:16:45]} 11. Qd2 {[%clk 0:51:54]} Qb6 {[%clk 1:11:35]} 12. f4
{[%clk 0:48:51]} cxd4 {[%clk 1:09:32]} 13. cxd4 {[%clk 0:48:54]} Qb2
{[%clk 1:06:46]} 14. Qc1 {[%clk 0:48:53]} Qxc1+ {[%clk 1:07:12]} 15. Rxc1
{[%clk 0:49:19]} Na5 {[%clk 1:07:31]} 16. Ng3 {[%clk 0:45:10]} Bd7
{[%clk 1:03:38]} 17. Nxf5 {[%clk 0:44:46]} exf5 {[%clk 1:04:05]} 18. Be3
{[%clk 0:44:20]} Rc8 {[%clk 1:02:01]} 19. Bd2 {[%clk 0:42:56]} Nc6
{[%clk 0:56:04]} 20. Be3 {[%clk 0:43:04]} Na5 {[%clk 0:53:59]} 21. Bd2
{[%clk 0:42:42]} Nc4 {[%clk 0:54:12]} 22. Bb4 {[%clk 0:43:00]} Ba4
{[%clk 0:52:53]} 23. Bxc4 {[%clk 0:41:39]} Rxc4 {[%clk 0:53:03]} 24. c3
{[%clk 0:42:00]} Kd7 {[%clk 0:53:28]} 25. Kd2 {[%clk 0:42:25]} Ke6
{[%clk 0:52:07]} 26. h3 {[%clk 0:42:31]} h5 {[%clk 0:49:05]} 27. g4
{[%clk 0:34:49]} hxg4 {[%clk 0:43:17]} 28. hxg4 {[%clk 0:35:10]} Rxh1
{[%clk 0:42:44]} 29. Rxh1 {[%clk 0:35:31]} fxg4 {[%clk 0:42:19]} 30. Rh5
{[%clk 0:35:31]} g6 {[%clk 0:40:40]} 31. f5+ {[%clk 0:36:01]} gxf5
{[%clk 0:40:59]} 32. Rh6+ {[%clk 0:36:30]} Kd7 {[%clk 0:41:14]} 33. Rh7
{[%clk 0:34:21]} Ke8 {[%clk 0:21:32]} 34. Rh8+ {[%clk 0:33:58]} Kd7
{[%clk 0:21:53]} 35. Rh7 {[%clk 0:34:22]} Ke6 {[%clk 0:20:00]} 36. Rh6+
{[%clk 0:33:49]} Kd7 {[%clk 0:19:49]} 1/2-1/2

[Event "13th Khazar International Open Chess Tournament - "]
[Site "Rasht, Iran"]
[Date "2015.02.17"]
[Round "9"]
[Board "4"]
[White "Ghaem Maghami, Ehsan"]
[Black "Mahjoob, Morteza"]
[Result "1-0"]
[WhiteElo "2554"]
[BlackElo "2392"]
[PlyCount "0"]
[EventDate "2015.02.11"]
[EventRounds "9"]
[EventCountry "IRI"]

1. d4 {[%clk 1:26:59]} Nf6 {[%clk 1:28:05]} 2. c4 {[%clk 1:25:48]} g6
{[%clk 1:28:29]} 3. Nc3 {[%clk 1:24:25]} Bg7 {[%clk 1:28:54]} 4. e4
{[%clk 1:20:44]} d6 {[%clk 1:28:50]} 5. Be2 {[%clk 1:18:49]} O-O {[%clk 1:29:10]}
6. Bg5 {[%clk 1:19:06]} Nbd7 {[%clk 1:19:35]} 7. Qd2 {[%clk 1:10:21]} c6
{[%clk 1:10:18]} 8. Nf3 {[%clk 1:02:36]} d5 {[%clk 1:03:28]} 9. exd5
{[%clk 0:44:42]} cxd5 {[%clk 1:03:50]} 10. h4 {[%clk 0:44:55]} Ne4
{[%clk 0:46:00]} 11. Qe3 {[%clk 0:43:55]} Nxg5 {[%clk 0:28:02]} 12. hxg5
{[%clk 0:43:33]} Nb6 {[%clk 0:27:10]} 13. c5 {[%clk 0:38:24]} Nc4
{[%clk 0:26:54]} 14. Bxc4 {[%clk 0:38:26]} dxc4 {[%clk 0:27:21]} 15. Ne5
{[%clk 0:38:00]} f6 {[%clk 0:18:47]} 16. Nxc4 {[%clk 0:37:20]} fxg5
{[%clk 0:19:13]} 17. O-O-O {[%clk 0:36:19]} g4 {[%clk 0:19:09]} 18. Ne5
{[%clk 0:34:43]} Bf5 {[%clk 0:15:48]} 19. f3 {[%clk 0:31:21]} Qc8
{[%clk 0:12:28]} 20. fxg4 {[%clk 0:29:46]} Bxg4 {[%clk 0:12:52]} 21. Nd5
{[%clk 0:29:22]} Qe6 {[%clk 0:09:03]} 22. Nc7 {[%clk 0:27:51]} Qc8
{[%clk 0:09:17]} 23. Nxa8 {[%clk 0:23:49]} Bxd1 {[%clk 0:09:36]} 24. Rxd1
{[%clk 0:23:36]} e6 {[%clk 0:05:55]} 25. Nf3 {[%clk 0:19:52]} Re8
{[%clk 0:05:19]} 26. Re1 {[%clk 0:10:38]} Qxa8 {[%clk 0:04:58]} 27. d5
{[%clk 0:10:40]} Qd8 {[%clk 0:03:32]} 28. dxe6 {[%clk 0:09:41]} Qd5
{[%clk 0:03:11]} 29. Kb1 {[%clk 0:07:27]} Bf8 {[%clk 0:03:37]} 30. Qd4
{[%clk 0:03:18]} Qxd4 {[%clk 0:03:36]} 31. Nxd4 {[%clk 0:03:46]} Bxc5
{[%clk 0:03:59]} 32. Nb5 {[%clk 0:04:07]} Bb6 {[%clk 0:01:18]} 33. b4
{[%clk 0:03:44]} Kg7 {[%clk 0:01:04]} 34. Nc3 {[%clk 0:02:19]} Bc7
{[%clk 0:00:59]} 35. Nd5 {[%clk 0:02:28]} Bd6 {[%clk 0:01:24]} 36. Kc2
{[%clk 0:02:06]} h5 {[%clk 0:01:44]} 37. Kd3 {[%clk 0:02:22]} h4 {[%clk 0:01:05]}
38. Re4 {[%clk 0:01:20]} g5 {[%clk 0:01:30]} 39. Ke3 {[%clk 0:01:29]} Kg6
{[%clk 0:01:19]} 40. Kf3 {[%clk 0:01:46]} Kf5 {[%clk 0:00:43]} 41. e7
{[%clk 0:00:51]} b5 {[%clk 0:01:03]} 42. a3 {[%clk 0:01:02]} a6 {[%clk 0:01:28]}
43. Ne3+ {[%clk 0:01:04]} Kf6 {[%clk 0:01:44]} 44. Kg4 {[%clk 0:01:29]} Kf7
{[%clk 0:01:07]} 45. Nf5 {[%clk 0:00:43]} 1-0